000
00350nam a2200157Ia 4500
100
_a
Soanes/Catherine
650
_a
General
942
_c
RB
654
_a
dictionary
245
_a
The Compact Oxford Reference Dictionary
260
_b
Oxford university press
_c
2001
082
_a
25.3
_b
SOA
300
_a
990
546
_a
ENGLISH
999
_c
34653
_d
34653